00454nam a2200109Ia 4500008004100000100003100041245009700072260006300169300002000232650001700252856007500269160712s9999 xx 000 0 und d aMassicotte, Marie-Josée. cMarie-Josée Massicotte,aBeyond Borders: The Struggle for Food Sovereignty in the Americas c2011bKasarinlan Philippine Journal of Third World Studies avol. 26 no. 1-2 xINDEPENDENCE uhttp://journals.upd.edu.ph/index.php/kasarinlan/issue/view/331/showToc